000 00280nam a22001217a 4500
999 _c533819
_d533819
040 _cdlc
082 _a940.27092
100 _aEdgar Vincent
_927813
245 _aNelson Love and Fame
260 _aNewyork
_bYale University Press;
_cc2003
300 _a640;pxv
942 _2ddc
_cBK